000 00388nam a2200145Ia 4500
008 240624s9999 xx 000 0 und d
041 _aeng
082 _a658.8 SHE
100 _aSHETH JAGDISH N
245 _aWILEY INTERNATIONAL ENCYCLOPEDIA OF MARK
260 _c2011
_aUnited Kingdom
_bWiley (John Wiley & Sons)
300 _axv, : 239 : p. : cm. ; 25
365 _c
_b28
440 _v4
999 _c23297
_d23297